000 00701nam a2200241 i 4500
001 bg
245 0 0 _aEseje z dziedziny kierowania organizacjami /
_cpod red. Lesława Martana.
260 _aWrocław :
_bOficyna Wydawnicza Politechniki Wrocławskiej,
_c2005.
300 _a61, [1] s. :
_brys., wykr. ;
_c24 cm.
504 _aBibliogr. przy rozdz.
650 9 _aOrganizacja
650 9 _aZarządzanie
655 _aSzkice literackie
700 1 _aMARTAN, Lesław
_d(1925- ).
_eRed.
015 _aPB 14863/2005
020 _a8370858562
040 _cBPK
041 0 _apol
080 _a658.1/.5.012.4
920 _a83-7085-856-2
942 _cKS
008 s pl f |000 0 pol
999 _c46697
_d46697
856 _uhttp://koha.tu.koszalin.pl/cgi-bin/koha/opac-detail.pl?biblionumber=46697
_yKatalog online BPK